The great political theories vol. 2: a comprehensive selection of the crucial ideas in political philosophy. (Record no. 6436)

MARC details
000 -LEADER
fixed length control field 00784nam a22002297i 4500
003 - CONTROL NUMBER IDENTIFIER
control field URS
005 - DATE AND TIME OF LATEST TRANSACTION
control field 20220114152350.0
008 - FIXED-LENGTH DATA ELEMENTS--GENERAL INFORMATION
fixed length control field 171111b xxu||||| |||| 00| 0 eng d
020 ## - INTERNATIONAL STANDARD BOOK NUMBER
International Standard Book Number 9780061351365
040 ## - CATALOGING SOURCE
Description conventions rda
Transcribing agency URSP-College LIbrary
Language of cataloging eng
050 ## - LIBRARY OF CONGRESS CALL NUMBER
Classification number JA36
Item number 320.01 G79 2008
100 1# - MAIN ENTRY--PERSONAL NAME
Personal name Curtis, Michael
245 ## - TITLE STATEMENT
Title The great political theories vol. 2: a comprehensive selection of the crucial ideas in political philosophy.
Statement of responsibility, etc. Michael Curtis
264 #1 - PRODUCTION, PUBLICATION, DISTRIBUTION, MANUFACTURE, AND COPYRIGHT NOTICE
Place of production, publication, distribution, manufacture New York
Name of producer, publisher, distributor, manufacturer Harperperennial
Date of production, publication, distribution, manufacture, or copyright notice 2008.
300 ## - PHYSICAL DESCRIPTION
Extent 496 pages:
Other physical details colour illustration;
Dimensions 23 cm
336 ## - CONTENT TYPE
Content type term text
Content type code txt
Source rdacontent
337 ## - MEDIA TYPE
Media type term unmediated
Media type code n
Source rdamedia
338 ## - CARRIER TYPE
Carrier type term volume
Carrier type code nc
Source rdacarrier
500 ## - GENERAL NOTE
General note Includes bibliographical references and index.
650 #0 - SUBJECT ADDED ENTRY--TOPICAL TERM
Topical term or geographic name entry element Political science.
942 ## - ADDED ENTRY ELEMENTS (KOHA)
Koha item type Foreign Books
Source of classification or shelving scheme Library of Congress Classification
Holdings
Withdrawn status Source of classification or shelving scheme Damaged status Not for loan Collection code Home library Current library Shelving location Date acquired Total Checkouts Full call number Barcode Date last seen Copy number Price effective from Koha item type
  Library of Congress Classification     Non-fiction Pililla College Library Pililla College Library General Stacks 07/25/2018   320.82 G75 2008 URSPIL-4843 05/31/2019 1 07/25/2018 Foreign Books

University of Rizal System
Email us at univlibservices@urs.edu.ph

Visit our Website www.urs.edu.ph/library